III Всесоюзное совещание по химии и технологии молибдена и вольфрама, 19-21 сентября 1977 г., г. Орджоникидзе: тезисы докладов

Detalhes bibliográficos
Corporate Authors: Академия наук СССР (АН СССР), Северо-Кавказский горно-металлургический институт, Северо-Осетинский государственный университет, Московский государственный университет им. М. В. Ломоносова (МГУ), Московский государственный институт стали и сплавов (МИСиС), Всесоюзное совещание по химии и технологии молибдена и вольфрама тезисы докладов
Idioma:russo
Publicado em: Орджоникидзе, Изд-во Северо-Кавказского горно-металлургического ин-та, 1977
Assuntos:
Formato: Livro
KOHA link:https://koha.lib.tpu.ru/cgi-bin/koha/opac-detail.pl?biblionumber=246544

MARC

LEADER 00000nam0a2200000 4500
001 246544
005 20231101232221.0
035 |a (RuTPU)RU\TPU\book\267995 
090 |a 246544 
100 |a 20131205d1977 k y0rusy50 ca 
101 0 |a rus 
102 |a RU 
105 |a y z 101zy 
200 1 |a III Всесоюзное совещание по химии и технологии молибдена и вольфрама, 19-21 сентября 1977 г., г. Орджоникидзе  |e тезисы докладов  |f Академия наук СССР (АН СССР) ; Северо-Кавказский горно-металлургический институт ; Северо-Осетинский государственный университет ; Московский государственный университет им. М. В. Ломоносова (МГУ) ; Московский государственный институт стали и сплавов (МИСиС) 
210 |a Орджоникидзе  |c Изд-во Северо-Кавказского горно-металлургического ин-та  |d 1977 
215 |a 277 с.  |c ил. 
606 1 |a Вольфрамо-молибденовые концентраты  |x Переработка  |x Кислотный метод  |2 stltpush  |3 (RuTPU)RU\TPU\subj\22093  |9 46970 
606 1 |a Молибден  |x Химия  |2 stltpush  |3 (RuTPU)RU\TPU\subj\75238  |9 87098 
606 1 |a Вольфрам  |x Химия  |2 stltpush  |3 (RuTPU)RU\TPU\subj\75239  |9 87099 
610 1 |a соединения 
610 1 |a растворы 
610 1 |a окислы 
610 1 |a бинарные соединения 
610 1 |a металлическое состояние 
610 1 |a аналитическая химия 
610 1 |a системы 
610 1 |a физико-химический анализ 
610 1 |a технология 
675 |a 546.77(063)  |v 3 
675 |a 669.27(063)  |v 3 
675 |a 546.78(063)  |v 3 
712 0 2 |a Академия наук СССР (АН СССР)  |2 stltpush  |3 (RuTPU)RU\TPU\col\722 
712 0 2 |a Северо-Кавказский горно-металлургический институт  |2 stltpush  |3 (RuTPU)RU\TPU\col\8203 
712 0 2 |a Северо-Осетинский государственный университет  |2 stltpush  |3 (RuTPU)RU\TPU\col\11915  |9 25297 
712 0 2 |a Московский государственный университет им. М. В. Ломоносова (МГУ)  |2 stltpush  |3 (RuTPU)RU\TPU\col\7 
712 0 2 |a Московский государственный институт стали и сплавов (МИСиС)  |c (1962-2008)  |2 stltpush  |3 (RuTPU)RU\TPU\col\180 
712 1 2 |a Всесоюзное совещание по химии и технологии молибдена и вольфрама  |b тезисы докладов  |d 3  |e Орджоникидзе  |f 1977 
801 1 |a RU  |b 63413507  |c 20131205 
801 2 |a RU  |b 63413507  |c 20160324  |g RCR 
942 |c BK